Sportifs Mayennais - Statistiques

Statistiques générales
  • Ce quiz a été pris 16 fois
  • Le résultat moyen est 5 sur 20
Statistiques - réponses
Indice Réponse % Correct
Deux fois vainqueur de Paris-Roubaix et champion de France sur route 1987, succédant à son frère MARC MADIOT
79%
Prénom du champion de France sur route 1986, et 27 ans dans la direction de la FDJ, frère cadet de Marc YVON
50%
Cycliste combatif, vainqueur du Tour des Flandres, d'un Prologue du Tour de France et double Champion de France, consultant télé JACKY DURAND
43%
Boxeur surnommé "El Gitano" ayant obtenu le titre de Champion d'Europe chez les Welters chez lui à Laval JORDY WEISS
36%
Lanceuse de Marteau deux fois médaillées aux Mondiaux, qui a récupéré également le bronze aux JO en 2008 MANUELA MONTEBRUN
36%
Gardien de but, champion de National avec le Stade Lavallois MAXIME HAUTBOIS
36%
Ancien joueur du Stade Lavallois, entraineur du FC Sochaux Montbéliard en 2023-2024 OSWALD TANCHOT
36%
Milieu de terrain passé par Arsenal et Valence, vainqueur d'une Coupe d'Europe avec Villaréal FRANCIS COQUELIN
29%
Pistard spécialiste du Kilomètre et du Keirin, septuple champion du monde (individuel) PERVIS
29%
Boxeur sacré Champion des champions Français par l'Equipe en 1971, et grand consultant pour Canal + BOUTTIER
21%
Une athlète spécialiste du 400 mètres, ayant porté le maillot bleu dans les relais au JO et Mondiaux, son frère a joué au Stade Lavallois SOUNKAMBA SYLLA
21%
Spécialiste de la marche athlétique avec plusieurs titres de champion de France et étudiant en Médecine GABRIEL BORDIER
14%
Ancien Latéral droit du Stade Lavallois, du PSG, et du LOSC, dont il entraine la réserve STEPHANE PICHOT
14%
Coureur cycliste dans les équipes de Bernaudeau ayant gagné le Tour du Finistère et 5ème de Paris-Tours FRANCK RENIER
7%
Coureuse cycliste élue 1ère championne des championnes para France par l’Équipe HEIDI GAUGAIN
7%
Ancien joueur du Stade Lavallois, ayant entrainé le FC Nantes et séléctionneur à la DTN LANDRY CHAUVIN
7%
Premier Français ayant gagné la mythique étape des Champs Élysées sur le Tour de France 1977 ALAIN MESLET
0%
Jockey de l’Élite mondiale aux quatre Cravache d'Or OLIVIER PESLIER
0%
Champion d'Europe et deux fois vice-champion du monde de Ski nautique PIERRE BALLON
0%
Champion de France en para équestre et séléctionné aux JO Paralympiques VLADIMIR VINCHON
0%
Aucun quiz correspondant
Distribution des résultats
% des personnes avec chaque résultat
Percentile par nombre de réponses
Votre historique - résultats
Vous n’avez pas pris ce quiz